<?xml version="1.0" encoding="utf-8"?>
<?xml-stylesheet type='text/xsl' href='./oai2.xsl'?>
<OAI-PMH xmlns="http://www.openarchives.org/OAI/2.0/" xmlns:xsi="http://www.w3.org/2001/XMLSchema-instance" xsi:schemaLocation="http://www.openarchives.org/OAI/2.0/ http://www.openarchives.org/OAI/2.0/OAI-PMH.xsd">
  <responseDate>2026-06-07T11:34:47Z</responseDate>
  <request verb="GetRecord" metadataPrefix="marcxml" identifier="record_kuniweb_591825">https://kulturerbe.niedersachsen.de/oai</request>
  <GetRecord>
    <record>
      <header>
        <identifier>record_kuniweb_591825</identifier>
        <datestamp>2025-08-28T09:38:22Z</datestamp>
        <setSpec>slg0111</setSpec>
        <setSpec>slg0243</setSpec>
      </header>
      <metadata>
        <marc:record xmlns:marc="http://www.loc.gov/MARC21/slim" xsi:schemaLocation="http://www.loc.gov/MARC21/slim http://www.loc.gov/standards/marcxml/schema/MARC21slim.xsd">
          <marc:leader>12345nkm  22     uu 4500</marc:leader>
          <marc:controlfield tag="001">591825</marc:controlfield>
          <marc:controlfield tag="003">http://kuniweb.gbv.de</marc:controlfield>
          <marc:controlfield tag="005">2020-08-24T12:26:48</marc:controlfield>
          <marc:controlfield tag="008">|           ||||||||||||||||||||||</marc:controlfield>
          <marc:datafield tag="245" ind1="1" ind2="0">
            <marc:subfield code="a">Winde zum Klappwehr für die Ruhmemühle bei Bilshausen, 1914</marc:subfield>
          </marc:datafield>
          <marc:datafield tag="655" ind1=" " ind2="7">
            <marc:subfield code="a">Grafik</marc:subfield>
          </marc:datafield>
          <marc:datafield tag="046" ind1=" " ind2=" ">
            <marc:subfield code="k">1914-07-27</marc:subfield>
            <marc:subfield code="k">27.07.1914</marc:subfield>
          </marc:datafield>
          <marc:datafield tag="260" ind1=" " ind2=" ">
            <marc:subfield code="g">1914-07-27</marc:subfield>
            <marc:subfield code="g">27.07.1914</marc:subfield>
          </marc:datafield>
          <marc:datafield tag="520" ind1=" " ind2=" ">
            <marc:subfield code="a">Zeichnung – koloriert        
Herstellungsort – Königshütte, Bad Lauterberg

Auftraggeber und Standort: 
G. Engelhardt,  Rhumemühle bei Bilshausen

Anmerkung 1:
Im 19. Jahrhundert findet man die Sippe Engelhardt als Inhaber von Mühlen in Duderstadt, Bilshausen, Rüdershausen, Nörten (-Herdenberg) und Weißenborn.
In Nesselröden wird 1314 die ‚Obermühle‘ erwähnt, sei befindet sich von 1728 bis 1835 in Besitz der Mühlendynastie Engelhardt.
nach: 
Historischer Alltag in den Dörfern des Untereichsfeldes
https://books.google.de/books?isbn=3932752228


Anmerkung 2 zum Wehr:

Ein Klapp- oder Überfallwehr ist ein Wehr, das durch einen festen Wehrkörper und seine einfache Bauweise gekennzeichnet ist. Die angeströmte Fläche steht meistens senkrecht im Oberwasser, an sie schließen sich die Überfallkrone, der Wehrrücken und das Tosbecken an.
Als Baumaterial ist Stahlbeton am meisten verbreitet. … Auf der Krone des Wehres findet ein Fließwechsel von Strömen nach Schießen statt, der im Tosbecken rückgängig gemacht wird. Eine Regulierung des Überfalles findet oft durch Kombination mit  einem Segmentschütz statt, das auf die Wehrkrone abgesenkt werden kann.
Für sämtliche aquatische Lebewesen stellt das Überfallwehr ein unüberwindbares Hindernis dar. Aus diesem Grund werden an viele  Überfallwehre Umgehungsgerinne oder Fischtreppen angegliedert, an einigen Orten wird das Wehr durch eine raue Rampe ersetzt.
Quelle:
Wehr (Wasserbau) – Wikipedia
https://de.wikipedia.org/wiki/Wehr_(Wasserbau)



Anmerkung:
Im 19. Jahrhundert findet man die Groß-)Familie Engelhardt als Inhaber von Mühlen in Duderstadt, Bilshausen, Rüdershausen, Nörten (-Herdenberg) und Weißenborn.
siehe: 
Historischer Alltag in den Dörfern des Untereichsfeldes
https://books.google.de/books?isbn=3932752228





 (Förderkreis Königshütte Bad Lauterberg e.V.)

Maßstab: 1 zu 5</marc:subfield>
          </marc:datafield>
          <marc:datafield tag="650" ind1="1" ind2=" ">
            <marc:subfield code="a">Wehr</marc:subfield>
          </marc:datafield>
          <marc:datafield tag="650" ind1="1" ind2=" ">
            <marc:subfield code="a">Wassernutzung</marc:subfield>
          </marc:datafield>
          <marc:datafield tag="650" ind1="1" ind2=" ">
            <marc:subfield code="a">Grafik, Fotografie &gt; Zeichnung</marc:subfield>
          </marc:datafield>
          <marc:datafield tag="650" ind1="1" ind2=" ">
            <marc:subfield code="a">Handwerk</marc:subfield>
          </marc:datafield>
          <marc:datafield tag="650" ind1="1" ind2=" ">
            <marc:subfield code="a">Bilshausen (Gieboldehausen, Göttingen, Niedersachsen)</marc:subfield>
          </marc:datafield>
          <marc:datafield tag="773" ind1="0" ind2=" ">
            <marc:subfield code="t">Mühlen-, Gips- und sonstige Anlagen</marc:subfield>
          </marc:datafield>
          <marc:datafield tag="773" ind1="0" ind2=" ">
            <marc:subfield code="t">Wasserbauanlagen</marc:subfield>
          </marc:datafield>
          <marc:datafield tag="852" ind1=" " ind2=" ">
            <marc:subfield code="a">Industriedenkmal Königshütte Bad Lauterberg im Harz</marc:subfield>
          </marc:datafield>
          <marc:datafield tag="" ind1=" " ind2=" ">
            <marc:subfield code="a">Namensnennung - Nicht kommerziell - Keine Bearbeitungen 4.0 International (CC BY-NC-ND 4.0)</marc:subfield>
          </marc:datafield>
        </marc:record>
      </metadata>
    </record>
  </GetRecord>
</OAI-PMH>
